000 00745nam a2200253Ia 4500
003 OSt
005 20220926024533.0
006 a|||||r|||| 00| 0
007 ta
008 220923b |||||||| |||| 00| 0 eng d
020 _a063118273X
037 _cGeneral Book
040 _aRTL
_cRTL
_beng
041 _2eng
_aeng
082 _aY2215, N2
100 _aOakley Ann
_9251770
245 0 _aSocial support and motherhood
_b The natural history of a research project
260 _aOxford
_bBlackwell
_c1992
300 _axii,404p
_ccm.
500 _aBibliography: p 378-96; Appendix: p 349-73
650 _aMarriage and Kinship
_9230715
942 _hY2215, N2
_cGB
_2CC
999 _c644654
_d644654